000
00306nam a2200109Ia 4500
008
171211s9999 xx 000 0 und d
245
4
_a
The Smart Guide to Understanding Your Cat
245
_c
Carolyn Janik
260
_c
2012
650
_x
ANIMALS
856
_u
http://down.ebook777.com/041/9780983442189.pdf
999
_c
348514
_d
348514